Statistics for Egyptian, Greek and Roman gods

Click here to take the quiz!

General Stats

  • This quiz has been taken 341 times
  • The average score is 7 of 14

Answer Stats

Hint Answer % Correct
OsirisPlutoHades
88%
NutZeusJupiter
87%
AresHorusMars
84%
VenusHathorAphrodite
82%
GebTerraGaia
68%
ShezmuDionysusBacchus
68%
ThothAthenaMinerva
64%
BesVestaHestia
54%
RaHeliosSol
49%
TerraDemeterIsis
30%
VulcanHephaestosPtah
10%
LunaSeleneKhonsu
10%
DianaArtemisNeith
9%
PoseidonNeptuneHapi
7%

Score Distribution

Percentile by Number Answered

Percent of People with Each Score

Your Score History

You have not taken this quiz